LEADER 01241nam0 22003373i 450 001 PUV1132054 005 20251003044317.0 010 $a9780817646257 100 $a20120911d2008 ||||0itac50 ba 101 | $aeng 102 $aus 181 1$6z01$ai $bxxxe 182 1$6z01$an 200 1 $aAdvances in mathematical and statistical modeling$fBarry C. Arnold [et al.] editors 210 $aBoston [etc.]$cBirkhäuser$dc2008 215 $aXXXIII, 368 p.$d26 cm. 225 | $aStatistics for industry and technology 410 0$1001MIL0575255$12001 $aStatistics for industry and technology 606 $aStatistica$xModelli matematici$2FIR$3SBLC069015$9I 676 $a519.5$9$v21 696 $aScienze statistiche 699 $aStatistica$yScienze statistiche 702 1$aArnold$b, Barry C.$f <1939->$3MILV010178 801 3$aIT$bIT-000000$c20120911 850 $aIT-BN0095 901 $bNAP 01$cM/S $n$ 912 $aPUV1132054 950 0$aBiblioteca Centralizzata di Ateneo$d 01M/S (C) 23 150$e 01C 0800231505 VMA 1 v.$fY $h20120911$i20120911 977 $a 01 996 $aAdvances in mathematical and statistical modeling$91574414 997 $aUNISANNIO